Normal view
MARC view
Entry Personal Name
001 - CONTROL NUMBER
- control field: 627740
003 - CONTROL NUMBER IDENTIFIER
- control field: OSt
005 - DATE AND TIME OF LATEST TRANSACTION
- control field: 20221005115545.0
008 - FIXED-LENGTH DATA ELEMENTS
- fixed length control field: 221005|| aca||aabn | a|a d
040 ## - CATALOGING SOURCE
- Original cataloging agency: OSt
- Transcribing agency: OSt
100 ## - HEADING--PERSONAL NAME
- Personal name: NATIONAL council of educ.Re. and Tra (India) C I E,child study
670 ## - SOURCE DATA FOUND
- Source citation: Work cat.: (OSt)1035189: NATIONAL council of educ.Re. and Tra (India) C I E,child study 627739, Child (Its bulletin,2), 1965
